| 000 | 00370nam a22001097a 4500 | ||
|---|---|---|---|
| 999 |
_c18693 _d18693 |
||
| 008 | 210115b xxu||||| |||| 00| 0 eng d | ||
| 050 |
_aGMB _b.M37 2018 c.1 |
||
| 100 | _aMaroro, Rose Kemunto | ||
| 245 |
_aEffects of Asset Restructuring on Profitability of Financially Distressed Commercial Banks in Kenya _cRoe Kemunto Maroro |
||
| 300 | _axiii, 59 l. | ||
| 942 |
_2lcc _cBK |
||